[Event "4NCL Online Division 6"]
[Site "online"]
[Date "2020.09.22"]
[Round "3.17"]
[White "Nagar, Nikunj"]
[Black "Rajeev-Lazar, Seyon"]
[Result "0-1"]
[WhiteElo "653"]
[BlackElo "1570"]
[PlyCount "50"]
[EventDate "2020.09.22"]
[WhiteTeam "East Kilbride Rovers"]
[BlackTeam "Crowthorne 2"]

1. e4 e6 2. d4 d5 3. e5 c5 4. c3 Nc6 5. Nf3 Bd7 6. Be3 Qb6 7. b3 cxd4 8. Nxd4
Nxd4 9. Bxd4 Bc5 10. Bxc5 Qxc5 11. Qd4 Qc7 12. c4 dxc4 13. Bxc4 Ne7 14. Nc3 Rd8
15. Qxa7 Qxe5+ 16. Qe3 Qf6 17. Ne4 Qxa1+ 18. Ke2 Qxh1 19. Qg3 Nf5 20. Qc7 Bc6
21. f3 Bxe4 22. fxe4 Qd1+ 23. Kf2 Rd2+ 24. Be2 Qxe2+ 25. Kg1 Rd1# 0-1

[Event "4NCL Online Division 6"]
[Site "online"]
[Date "2020.09.22"]
[Round "3.18"]
[White "Adhikari, Aanya"]
[Black "Pardeshi, Prachi"]
[Result "1-0"]
[WhiteElo "1015"]
[BlackElo "523"]
[PlyCount "105"]
[EventDate "2020.09.22"]
[WhiteTeam "Crowthorne 2"]
[BlackTeam "East Kilbride Rovers"]

1. e4 e5 2. Nf3 Nc6 3. d4 exd4 4. Nxd4 Nxd4 5. Qxd4 Nf6 6. Nc3 b6 7. e5 Bc5 8.
Qd1 Qe7 9. Qe2 Ng8 10. Nd5 Bb4+ 11. c3 Qc5 12. Nxb4 a5 13. Nd3 Qd5 14. Bf4 Ba6
15. Qe3 Ne7 16. Qd4 Qe6 17. Be2 c5 18. Qe3 Nf5 19. Qe4 d5 20. Qf3 O-O 21. O-O
d4 22. Qe4 Rae8 23. Bg4 Bc8 24. Bxf5 Qxf5 25. Qxf5 Bxf5 26. Rad1 f6 27. exf6
Rxf6 28. Bg5 Rfe6 29. Nf4 Re4 30. Nd5 Rg4 31. Bd2 Rg6 32. Rfe1 Rxe1+ 33. Rxe1
Kf7 34. Re7+ Kf8 35. Re2 Bc2 36. Bf4 d3 37. Rd2 Re6 38. h3 b5 39. Nc7 Rf6 40.
g3 Rb6 41. Nd5 Rb7 42. Ne3 Rd7 43. Nxc2 c4 44. Ne3 b4 45. cxb4 axb4 46. Nxc4
Rd4 47. Bd6+ Kf7 48. b3 Ke6 49. Be5 Rd7 50. Bf4 Kf5 51. Ne5 Rd5 52. Rxd3 Rxd3
53. Nxd3 1-0

[Event "4NCL Online Division 6"]
[Site "online"]
[Date "2020.09.22"]
[Round "3.25"]
[White "Varjian, Gary"]
[Black "Hamid, Adam"]
[Result "0-1"]
[WhiteElo "1423"]
[BlackElo "1585"]
[PlyCount "80"]
[EventDate "2020.09.22"]
[WhiteTeam "Malpas & Croesoswallt"]
[BlackTeam "MCS Oxford B"]

1. d4 Nf6 2. Bf4 e6 3. e3 c5 4. c3 Nc6 5. Nf3 cxd4 6. exd4 d6 7. Nbd2 Be7 8.
Bd3 a6 9. Rc1 Qc7 10. Ne4 e5 11. Bg3 Bg4 12. Nxf6+ Bxf6 13. Qc2 Bxf3 14. gxf3
Qa5 15. b4 Qd8 16. d5 Ne7 17. h4 Rc8 18. Be4 Qb6 19. O-O h6 20. h5 Bg5 21. Rce1
O-O 22. a4 f5 23. a5 Qc7 24. f4 exf4 25. Bxf4 Bxf4 26. Bg2 Be5 27. Re3 f4 28.
Rh3 Qd7 29. Rc1 Qg4 30. Kh1 f3 31. Bf1 Rxc3 32. Qd1 Rxc1 33. Qxc1 Qxb4 34. Qd1
Qd4 35. Qe1 Qa1 36. Qxa1 Bxa1 37. Bc4 Rf4 38. Bb3 Nf5 39. Kg1 Bc3 40. Ba4 Rxa4
0-1

[Event "4NCL Online Division 6"]
[Site "online"]
[Date "2020.09.22"]
[Round "3.26"]
[White "Turner, Ben"]
[Black "Evans, Alf"]
[Result "1-0"]
[WhiteElo "1487"]
[BlackElo "1367"]
[PlyCount "69"]
[EventDate "2020.09.22"]
[WhiteTeam "MCS Oxford B"]
[BlackTeam "Malpas & Croesoswallt"]

1. d4 Nf6 2. c4 g6 3. Nc3 Bg7 4. Nf3 d5 5. cxd5 Nxd5 6. e4 Nxc3 7. bxc3 O-O 8.
Bc4 Nc6 9. O-O a6 10. a4 e6 11. Ba3 Re8 12. e5 Ne7 13. Ng5 Nd5 14. Ne4 c6 15.
Qb3 Rb8 16. Nd6 Rf8 17. Nxc8 Qxc8 18. Bxf8 Bxf8 19. Rab1 b5 20. axb5 axb5 21.
Bxd5 exd5 22. Rfe1 h6 23. h3 Qd8 24. e6 fxe6 25. Rxe6 Qd7 26. Rxg6+ Kh7 27. Qc2
Kh8 28. Re1 Ra8 29. Ree6 Qc7 30. Rxh6+ Bxh6 31. Rxh6+ Kg8 32. Qg6+ Qg7 33. Qe6+
Qf7 34. Rg6+ Kf8 35. Rf6 1-0

[Event "4NCL Online Division 6"]
[Site "online"]
[Date "2020.09.22"]
[Round "3.27"]
[White "Ritchie, Stephen"]
[Black "Bridson, Ewan"]
[Result "1-0"]
[WhiteElo "1164"]
[BlackElo "1502"]
[PlyCount "101"]
[EventDate "2020.09.22"]
[WhiteTeam "Malpas & Croesoswallt"]
[BlackTeam "MCS Oxford B"]

1. e4 c6 2. d4 d5 3. e5 Bf5 4. Bd3 e6 5. Bxf5 exf5 6. c3 c5 7. Nf3 Nc6 8. O-O
h6 9. a3 g6 10. Re1 Qd7 11. b4 cxb4 12. axb4 b5 13. Qe2 Nd8 14. Bb2 Ne6 15. Na3
Rb8 16. g3 Ne7 17. Nc2 Bg7 18. Ra5 O-O 19. Rea1 Rb7 20. Nd2 Rc8 21. Nb3 Rbc7
22. Qxb5 Qxb5 23. Rxb5 Ng5 24. Nc5 Ne4 25. Rba5 Nc6 26. R5a3 Nd2 27. Ne3 Nc4
28. Nxc4 dxc4 29. b5 Nxe5 30. Rxa7 Nd3 31. Nxd3 cxd3 32. Rxc7 Rxc7 33. Rd1 Rb7
34. c4 Bf8 35. Rxd3 f6 36. Ba3 Bg7 37. Rb3 Kf7 38. d5 Ke8 39. c5 Kd8 40. d6 Bf8
41. c6 Ra7 42. b6 Rxa3 43. Rxa3 Bxd6 44. Rd3 Ke7 45. b7 Bb8 46. Rd7+ Ke8 47. c7
Kxd7 48. c8=Q+ Kd6 49. Qxb8+ Kc6 50. Qc8+ Kb5 51. b8=Q+ 1-0

[Event "4NCL Online Division 6"]
[Site "online"]
[Date "2020.09.22"]
[Round "3.28"]
[White "Masacorale, Jamie"]
[Black "Campbell, Graeme"]
[Result "1-0"]
[WhiteElo "1367"]
[BlackElo "1142"]
[PlyCount "57"]
[EventDate "2020.09.22"]
[WhiteTeam "MCS Oxford B"]
[BlackTeam "Malpas & Croesoswallt"]

1. d4 Nc6 2. c4 e6 3. Nc3 Nf6 4. Bg5 Be7 5. e4 Nxe4 6. Bxe7 Qxe7 7. Nxe4 d5 8.
Nc3 e5 9. dxe5 Qxe5+ 10. Qe2 O-O 11. Qxe5 Nxe5 12. cxd5 Re8 13. Be2 Nd3+ 14.
Kf1 Nf4 15. g3 Nxe2 16. Ngxe2 Bg4 17. Re1 Re5 18. Kg2 Kf8 19. Nf4 Rae8 20. Nd3
R5e7 21. Rxe7 Rxe7 22. Re1 Bf5 23. Rxe7 Kxe7 24. Nf4 Kd6 25. b4 a6 26. Kf3 g5
27. Nfe2 c6 28. dxc6 Kxc6 29. Nd4+ 1-0

[Event "4NCL Online Division 6"]
[Site "online"]
[Date "2020.09.22"]
[Round "3.35"]
[White "Bhat, Advay"]
[Black "Renshaw, Ian"]
[Result "0-1"]
[WhiteElo "1382"]
[BlackElo "1525"]
[PlyCount "82"]
[EventDate "2020.09.22"]
[WhiteTeam "Uxbridge Bombers C"]
[BlackTeam "Cornish Wreckers"]

1. e4 e5 2. Nf3 Nc6 3. Nc3 Nf6 4. Bc4 Bc5 5. Ng5 O-O 6. O-O a6 7. Be2 b5 8. Nf3
d6 9. d3 h6 10. a3 Nd4 11. b4 Nxe2+ 12. Qxe2 Ba7 13. h3 Bb7 14. Re1 Qd7 15. Bb2
Rae8 16. Nd1 c6 17. Ne3 Qe6 18. d4 exd4 19. Bxd4 Bxd4 20. Nxd4 Qxe4 21. Nf3 c5
22. bxc5 dxc5 23. Rad1 Rd8 24. Rxd8 Rxd8 25. Ng4 Qxe2 26. Nxf6+ gxf6 27. Rxe2
Kf8 28. Rd2 Re8 29. Kf1 c4 30. Re2 Bxf3 31. Rxe8+ Kxe8 32. gxf3 Ke7 33. Ke2 Ke6
34. Ke3 Ke5 35. f4+ Kd5 36. f3 f5 37. Kd2 a5 38. c3 Kc5 39. Kc2 b4 40. cxb4+
axb4 41. axb4+ Kxb4 0-1

[Event "4NCL Online Division 6"]
[Site "online"]
[Date "2020.09.22"]
[Round "3.36"]
[White "Doubleday, Peter"]
[Black "Tarigopula, Varish"]
[Result "1-0"]
[WhiteElo "1412"]
[BlackElo "1225"]
[PlyCount "91"]
[EventDate "2020.09.22"]
[WhiteTeam "Cornish Wreckers"]
[BlackTeam "Uxbridge Bombers C"]

1. e4 c5 2. d4 cxd4 3. c3 dxc3 4. Nxc3 Nc6 5. Nf3 e5 6. Bc4 Bc5 7. Qd5 Qe7 8.
Bg5 f6 9. Bh4 Nd4 10. Nxd4 Bxd4 11. O-O d6 12. Bb5+ Bd7 13. Qxb7 Rd8 14. Nd5
Qf7 15. Rac1 Bxb2 16. Bxd7+ Qxd7 17. Qxb2 Qg4 18. Qb5+ Qd7 19. Qxd7+ Rxd7 20.
Rc8+ Kf7 21. Rfc1 g5 22. Bg3 Kg7 23. R8c7 Rxc7 24. Rxc7+ Kf8 25. Rxa7 Nh6 26.
Nxf6 Nf7 27. Ra8+ Kg7 28. Rxh8 Nxh8 29. Nd5 Ng6 30. f3 Kf7 31. Kf2 h5 32. Ke2
h4 33. Bf2 Ke8 34. Kd3 Kd7 35. Kc4 Kc6 36. Kb4 Kb7 37. Kb5 Nf8 38. a4 Nd7 39.
a5 Nb8 40. Be3 Ka8 41. a6 Nd7 42. Nc7+ Kb8 43. a7+ Kxc7 44. a8=Q Nf6 45. Bxg5
Nd7 46. Bd8# 1-0

[Event "4NCL Online Division 6"]
[Site "online"]
[Date "2020.09.22"]
[Round "3.37"]
[White "tarigopula, pawan kumar"]
[Black "Evdokimova, Maria"]
[Result "1-0"]
[WhiteElo "1225"]
[BlackElo "1390"]
[PlyCount "103"]
[EventDate "2020.09.22"]
[WhiteTeam "Uxbridge Bombers C"]
[BlackTeam "Cornish Wreckers"]

1. e4 c5 2. Nc3 Nc6 3. f4 e5 4. Nf3 Bd6 5. Bb5 Nge7 6. f5 O-O 7. d3 a6 8. Bc4
b5 9. Bb3 Na5 10. O-O c4 11. dxc4 bxc4 12. Ba4 Bb7 13. Qxd6 Bc6 14. Qxe5 Re8
15. Qg3 Qb6+ 16. Kh1 Bxe4 17. Nxe4 Nxf5 18. Qg4 g6 19. Nfg5 Re5 20. Bxd7 Rf8
21. Bxf5 Nb7 22. Qh4 h5 23. Bh3 Nd6 24. Nf6+ Kh8 25. Nd7 Qd8 26. Nxf7+ Nxf7 27.
Qxd8 Rxd8 28. Nxe5 Nxe5 29. Bf4 Nc6 30. Rad1 Ra8 31. Rd6 Nb4 32. c3 Nd3 33.
Rxg6 Ra7 34. Rh6+ Kg7 35. Bf5 Nxf4 36. Rh7+ Kf6 37. Rxa7 Kxf5 38. Rf7+ Ke4 39.
R7xf4+ Kd3 40. Rd4+ Kc2 41. Rf2+ Kc1 42. Kg1 Kb1 43. Rd1+ Kxa2 44. Rd6 a5 45.
b4+ Kb3 46. bxa5 Kxc3 47. a6 Kb4 48. a7 c3 49. a8=Q Kb3 50. Qd5+ Ka3 51. Ra2+
Kb4 52. Rb6# 1-0

[Event "4NCL Online Division 6"]
[Site "online"]
[Date "2020.09.22"]
[Round "3.38"]
[White "Gerasimenko, Ivan"]
[Black "Jayaprakash, Shravan"]
[Result "1-0"]
[WhiteElo "1135"]
[BlackElo "1225"]
[PlyCount "23"]
[EventDate "2020.09.22"]
[WhiteTeam "Cornish Wreckers"]
[BlackTeam "Uxbridge Bombers C"]

1. e4 e5 2. Nf3 Nc6 3. Nc3 Nf6 4. Nxe5 Nxe5 5. d4 Nc6 6. e5 Nb8 7. Bc4 Ng8 8.
Qf3 Qe7 9. Nd5 Qd8 10. Nxc7+ Qxc7 11. Qxf7+ Kd8 12. Qxf8# 1-0

[Event "4NCL Online Division 6"]
[Site "online"]
[Date "2020.09.22"]
[Round "3.45"]
[White "Palampathi, Sanjit"]
[Black "Sugden, Freddie"]
[Result "0-1"]
[WhiteElo "1217"]
[BlackElo "1667"]
[PlyCount "56"]
[EventDate "2020.09.22"]
[WhiteTeam "Uxbridge Bombers D"]
[BlackTeam "Hackney Hungry"]

1. e4 e5 2. Nf3 Nc6 3. Bc4 Nf6 4. Ng5 Bc5 5. O-O O-O 6. Nc3 h6 7. Bxf7+ Rxf7 8.
Nxf7 Kxf7 9. d3 d6 10. Be3 Bb6 11. Nd5 Kg8 12. Nxb6 axb6 13. f4 Bg4 14. Qe1 d5
15. fxe5 Nxe5 16. Bd4 Qd6 17. Qg3 Re8 18. h3 Bh5 19. Rf5 Nf3+ 20. Qxf3 Bxf3 21.
Rxf3 dxe4 22. dxe4 Qxd4+ 23. Kh2 Qxb2 24. Kh1 Qxa1+ 25. Rf1 Qxf1+ 26. Kh2 Rxe4
27. a4 Re2 28. a5 Qxg2# 0-1

[Event "4NCL Online Division 6"]
[Site "online"]
[Date "2020.09.22"]
[Round "3.46"]
[White "Jones, Zebedee"]
[Black "Eshwar, Ananya"]
[Result "1-0"]
[WhiteElo "1637"]
[BlackElo "1150"]
[PlyCount "53"]
[EventDate "2020.09.22"]
[WhiteTeam "Hackney Hungry"]
[BlackTeam "Uxbridge Bombers D"]

1. Nf3 d5 2. g3 Nf6 3. Bg2 g6 4. O-O Bg7 5. d4 Nc6 6. c4 Bg4 7. Nc3 e6 8. Ne5
Nxe5 9. dxe5 Nd7 10. h3 Bf5 11. g4 Be4 12. f3 Bxf3 13. Bxf3 Bxe5 14. Qe1 O-O
15. cxd5 exd5 16. Bxd5 c6 17. Bg2 Re8 18. Bf4 Bxf4 19. Rxf4 Qb6+ 20. Kh1 Qxb2
21. Rb1 Qa3 22. Rxb7 Qd6 23. Qf2 Nc5 24. Rbxf7 Ne6 25. Qh4 Nf8 26. Qh6 a6 27.
Qg7# 1-0

[Event "4NCL Online Division 6"]
[Site "online"]
[Date "2020.09.22"]
[Round "3.47"]
[White "Peddireddi, Satya"]
[Black "Neame, Robert"]
[Result "0-1"]
[WhiteElo "1075"]
[BlackElo "1322"]
[PlyCount "48"]
[EventDate "2020.09.22"]
[WhiteTeam "Uxbridge Bombers D"]
[BlackTeam "Hackney Hungry"]

1. e4 e5 2. Nf3 Nc6 3. Bc4 Nf6 4. Nc3 Nxe4 5. Nxe4 d5 6. Bb5 dxe4 7. Nxe5 Qd5
8. Nxc6 Qxb5 9. Nd4 Qe5 10. c3 Bd6 11. g3 Bh3 12. Qa4+ c6 13. Qb3 O-O 14. Qxb7
Bc5 15. Nxc6 Bxf2+ 16. Kxf2 Qf5+ 17. Ke1 Qf3 18. Ne7+ Kh8 19. Rg1 Bg4 20. Qa6
Qd1+ 21. Kf2 e3+ 22. dxe3 Qc2+ 23. Ke1 Rad8 24. Qa4 Rd1# 0-1

[Event "4NCL Online Division 6"]
[Site "online"]
[Date "2020.09.22"]
[Round "3.48"]
[White "McCabe, Gavin"]
[Black "Jebananthan, Jeshan"]
[Result "0-1"]
[WhiteElo "1105"]
[BlackElo "1060"]
[PlyCount "34"]
[EventDate "2020.09.22"]
[WhiteTeam "Hackney Hungry"]
[BlackTeam "Uxbridge Bombers D"]

1. d4 Nf6 2. Bf4 d5 3. h3 c5 4. Nf3 cxd4 5. Nxd4 Nbd7 6. Nf3 Qb6 7. Nc3 e5 8.
Bxe5 Nxe5 9. Nxd5 Qa5+ 10. Nc3 Ba3 11. bxa3 Nxf3+ 12. exf3 Qxc3+ 13. Ke2 O-O
14. Qc1 Re8+ 15. Qe3 Bf5 16. Kd1 Bxc2+ 17. Kc1 Rxe3 0-1

[Event "4NCL Online Division 6"]
[Site "online"]
[Date "2020.09.22"]
[Round "3.55"]
[White "Jones, Andrew"]
[Black "Banks, Stephen"]
[Result "1-0"]
[WhiteElo "1480"]
[BlackElo "1450"]
[PlyCount "138"]
[EventDate "2020.09.22"]
[WhiteTeam "Shropshire 5"]
[BlackTeam "Enfield 2"]

1. e4 d5 2. exd5 Qxd5 3. c4 Qd8 4. d4 e6 5. Nf3 c6 6. Bd3 Nf6 7. O-O Bd6 8. Bg5
Nbd7 9. Nc3 b6 10. Re1 Bb7 11. h3 O-O 12. Bc2 Re8 13. Qd3 Qc7 14. a3 a6 15.
Rac1 Rab8 16. b4 Rbd8 17. Kh1 Qb8 18. Ne4 Be7 19. Kg1 h6 20. Bh4 Nxe4 21. Qxe4
g6 22. Bxe7 Rxe7 23. Qh4 Rde8 24. Qxh6 Nf8 25. Nh2 Qd6 26. Rcd1 f5 27. Nf3 Rh7
28. Qg5 Bc8 29. Ne5 Qe7 30. Qxe7 Rhxe7 31. Nxc6 Rg7 32. d5 Bb7 33. Nd4 e5 34.
Nf3 e4 35. Ng5 Bc8 36. f3 e3 37. f4 Nh7 38. Nxh7 Kxh7 39. Re2 Rge7 40. g3 Bd7
41. Kg2 Kg7 42. Kf3 Kf7 43. Rde1 Kf6 44. Rxe3 Kf7 45. Rxe7+ Rxe7 46. Rxe7+ Kxe7
47. g4 Kf6 48. g5+ Ke7 49. Ke3 Kd6 50. Kd4 Be8 51. c5+ Kc7 52. Ke5 b5 53. Ke6
Kd8 54. c6 Bxc6 55. dxc6 Kc7 56. Kf6 Kxc6 57. Kxg6 Kd5 58. Bxf5 Kc4 59. Be6+
Kc3 60. f5 Kb2 61. f6 Kxa3 62. f7 Kxb4 63. f8=Q+ Ka5 64. Qa3+ Kb6 65. Kf6 a5
66. g6 b4 67. Qa4 Kc5 68. g7 Kd4 69. Qxa5 Ke3 1-0

[Event "4NCL Online Division 6"]
[Site "online"]
[Date "2020.09.22"]
[Round "3.56"]
[White "Clarke, Anthony J"]
[Black "Bonner, Dennis M"]
[Result "1/2-1/2"]
[WhiteElo "1442"]
[BlackElo "1480"]
[PlyCount "61"]
[EventDate "2020.09.22"]
[WhiteTeam "Enfield 2"]
[BlackTeam "Shropshire 5"]

1. d4 Nf6 2. Nf3 e6 3. c4 d5 4. Nc3 Bb4 5. a3 Bxc3+ 6. bxc3 O-O 7. Bg5 h6 8.
Bh4 Nbd7 9. e3 c5 10. cxd5 g5 11. Bg3 Nxd5 12. Rc1 Qa5 13. Qc2 b5 14. Be2 Bb7
15. O-O c4 16. Bd6 Rfd8 17. Bb4 Qc7 18. e4 Nf4 19. e5 Nf8 20. h3 a5 21. Bxf8
Rxf8 22. Kh2 Qc6 23. Rg1 Qe4 24. Qxe4 Bxe4 25. Rge1 Bd3 26. Bf1 Bxf1 27. Rxf1
Rab8 28. Nd2 Nd3 29. Rcd1 Nb2 30. Rc1 Nd3 31. Rcd1 1/2-1/2

[Event "4NCL Online Division 6"]
[Site "online"]
[Date "2020.09.22"]
[Round "3.57"]
[White "Holyhead, James"]
[Black "Dometakis, Lakis"]
[Result "1-0"]
[WhiteElo "1435"]
[BlackElo "1375"]
[PlyCount "107"]
[EventDate "2020.09.22"]
[WhiteTeam "Shropshire 5"]
[BlackTeam "Enfield 2"]

1. d4 d5 2. e4 dxe4 3. Nc3 Nf6 4. f3 e6 5. fxe4 Be7 6. Bd3 O-O 7. e5 Nd5 8.
Nxd5 Qxd5 9. Qh5 g6 10. Qg4 f5 11. exf6 Bxf6 12. Bh6 Bg7 13. Bxg7 Kxg7 14. Ne2
e5 15. Qg3 Nc6 16. Nc3 Qd6 17. dxe5 Nxe5 18. O-O-O Nxd3+ 19. Qxd3 Qf4+ 20. Kb1
Bf5 21. Qd4+ Qxd4 22. Rxd4 c6 23. g4 Be6 24. b3 Rad8 25. Rb4 b5 26. a4 Kg8 27.
axb5 cxb5 28. h3 Bd7 29. Nxb5 Rb8 30. Ra4 Bxb5 31. Rxa7 Rf1+ 32. Rxf1 Bxf1 33.
h4 Rb4 34. Ra8+ Kg7 35. Ra7+ Kf6 36. g5+ Ke6 37. Rxh7 Bh3 38. Rh6 Bf5 39. Kb2
Rd4 40. h5 Rh4 41. hxg6 Rxh6 42. gxh6 Bxg6 43. c4 Kd6 44. b4 Kc6 45. Kb3 Kb6
46. Kc3 Kc6 47. Kd4 Kd6 48. c5+ Kc6 49. Ke5 Kb5 50. Kf6 Bd3 51. Kg7 Kxb4 52. c6
Bf5 53. c7 Kb5 54. h7 1-0

[Event "4NCL Online Division 6"]
[Site "online"]
[Date "2020.09.22"]
[Round "3.58"]
[White "March, Steven J"]
[Black "Casewell, John M"]
[Result "0-1"]
[WhiteElo "1285"]
[BlackElo "1300"]
[PlyCount "114"]
[EventDate "2020.09.22"]
[WhiteTeam "Enfield 2"]
[BlackTeam "Shropshire 5"]

1. e4 c5 2. c4 d6 3. Nc3 Nc6 4. Nf3 e6 5. a3 a6 6. d3 Be7 7. Be3 b6 8. Qd2 Na5
9. Qc2 Nc6 10. Be2 Nf6 11. h3 Bb7 12. Rb1 O-O 13. Qc1 Rb8 14. Bf4 Nd4 15. Nxd4
cxd4 16. Nd1 e5 17. Bd2 Rc8 18. a4 b5 19. axb5 axb5 20. b3 Bc6 21. Ra1 Ra8 22.
O-O Qb6 23. Bf3 Ra6 24. Rxa6 Qxa6 25. Nb2 Ra8 26. Bb4 Nd7 27. cxb5 Qxb5 28. Qe1
Nb6 29. Nc4 Nc8 30. Qd2 Kf8 31. Na3 Qb7 32. Rb1 d5 33. Bxe7+ Nxe7 34. Nc2 dxe4
35. dxe4 Bxe4 36. Bxe4 Qxe4 37. Re1 Qd5 38. Qd3 Nc6 39. Ne3 Nb4 40. Qc4 Qxc4
41. Nxc4 f6 42. Rd1 Ra2 43. Kf1 Nd5 44. Nd2 Nc3 45. Ke1 Nxd1 46. Kxd1 Ke7 47.
Ke2 Kd6 48. Kd3 Kd5 49. f3 g5 50. g4 h6 51. Ne4 Ke6 52. Nc5+ Kd5 53. Ne4 Ke6
54. Nc5+ Kf7 55. Ne4 Rb2 56. Nc5 Kg6 57. Kc4 Rc2+ 0-1

[Event "4NCL Online Division 6"]
[Site "online"]
[Date "2020.09.22"]
[Round "3.67"]
[White "McBeath, Joel"]
[Black "Rasalingam, Rishi"]
[Result "1-0"]
[WhiteElo "1600"]
[BlackElo "1157"]
[PlyCount "35"]
[EventDate "2020.09.22"]
[WhiteTeam "Ashton 1"]
[BlackTeam "Barnet Knights E"]

1. e4 c5 2. d4 cxd4 3. c3 dxc3 4. Nxc3 Nc6 5. Nf3 d6 6. Bc4 g6 7. Qb3 e6 8. Bf4
Bg7 9. Rd1 Bf8 10. Nb5 Nf6 11. Bxd6 Qa5+ 12. Kf1 Bxd6 13. Nxd6+ Kf8 14. Bb5 Qb6
15. Ng5 Ng4 16. Qf3 Nge5 17. Qf6 Rg8 18. Nxh7# 1-0

[Event "4NCL Online Division 6"]
[Site "online"]
[Date "2020.09.22"]
[Round "3.68"]
[White "Scheffel, Charlie"]
[Black "Rogers, Max"]
[Result "1-0"]
[WhiteElo "1097"]
[BlackElo "1472"]
[PlyCount "57"]
[EventDate "2020.09.22"]
[WhiteTeam "Barnet Knights E"]
[BlackTeam "Ashton 1"]

1. e4 e5 2. Nf3 Nc6 3. d4 exd4 4. Bc4 Nf6 5. e5 Ng4 6. Bxf7+ Kxf7 7. Ng5+ Kg8
8. Qxg4 d6 9. Qf3 Nxe5 10. Qb3+ d5 11. f4 Ng6 12. O-O Bf5 13. c3 dxc3 14. Nxc3
c6 15. Qxb7 Qe8 16. Bd2 Bc5+ 17. Kh1 h6 18. Rae1 Qf8 19. Ne6 Bxe6 20. Rxe6 Ne7
21. Rfe1 Re8 22. b4 Bb6 23. Rxe7 Rxe7 24. Rxe7 Kh7 25. Na4 Bd4 26. Nc5 Qd8 27.
Ne6 Qd6 28. Rxg7+ Bxg7 29. Qxg7# 1-0

[Event "4NCL Online Division 6"]
[Site "online"]
[Date "2020.09.22"]
[Round "3.75"]
[White "Freeman, Ashley"]
[Black "Wilby, Robert G"]
[Result "1-0"]
[WhiteElo "1975"]
[BlackElo "1675"]
[PlyCount "121"]
[EventDate "2020.09.22"]
[WhiteTeam "Redbridge All Sorts 1"]
[BlackTeam "Plymouth 2"]

1. e4 e5 2. Nf3 d6 3. d4 Nd7 4. Bc4 Be7 5. dxe5 Nxe5 6. Nxe5 dxe5 7. Qh5 g6 8.
Qxe5 Nf6 9. Nc3 c6 10. Bh6 Rg8 11. Rd1 Bd7 12. Bg5 Kf8 13. Bh6+ Ke8 14. Bg5 Kf8
15. Bxf6 Bxf6 16. Qd6+ Ke8 17. Bxf7+ Kxf7 18. Qxd7+ Qxd7 19. Rxd7+ Be7 20. Rxb7
Rab8 21. Rxb8 Rxb8 22. Nd1 Rb4 23. f3 Bc5 24. c3 Ra4 25. a3 Bb6 26. Kd2 Ra5 27.
Kc2 Rg5 28. g3 Re5 29. Re1 g5 30. Ne3 Rc5 31. b4 Re5 32. Nc4 Re6 33. Nxb6 axb6
34. Rd1 Ke7 35. c4 g4 36. fxg4 Rxe4 37. Kd3 Rxg4 38. Re1+ Kd6 39. Re4 Rg5 40.
Rh4 h5 41. Rf4 Ke5 42. Rf8 Kd6 43. Rf6+ Kc7 44. Rh6 Kd7 45. Rh7+ Kd6 46. Rb7 b5
47. c5+ Ke6 48. Rc7 Kd5 49. Rd7+ Ke5 50. Rd6 h4 51. gxh4 Rh5 52. Rxc6 Rxh4 53.
Rb6 Rxh2 54. Rxb5 Rh3+ 55. Kc4 Rxa3 56. Rb6 Ra1 57. Rd6 Rc1+ 58. Kb5 Rc2 59.
Rd1 Rh2 60. c6 Rh8 61. c7 1-0

[Event "4NCL Online Division 6"]
[Site "online"]
[Date "2020.09.22"]
[Round "3.76"]
[White "Wood, Paul E"]
[Black "Hunnable, Ian D"]
[Result "0-1"]
[WhiteElo "1592"]
[BlackElo "1967"]
[PlyCount "36"]
[EventDate "2020.09.22"]
[WhiteTeam "Plymouth 2"]
[BlackTeam "Redbridge All Sorts 1"]

1. c4 e5 2. a3 a5 3. e3 Nf6 4. g3 Nc6 5. Bg2 Be7 6. Nc3 O-O 7. Nge2 d6 8. Qb3
Nd7 9. Nd5 Nc5 10. Qc2 a4 11. Nxe7+ Qxe7 12. Bxc6 bxc6 13. d4 Nb3 14. Rb1 exd4
15. O-O Qf6 16. e4 Qf3 17. Bf4 Bh3 18. Rfe1 Qg2# 0-1

[Event "4NCL Online Division 6"]
[Site "online"]
[Date "2020.09.22"]
[Round "3.78"]
[White "Wright, Andrew D"]
[Black "Muhunthan, Charukgan"]
[Result "0-1"]
[WhiteElo "1517"]
[BlackElo "1840"]
[PlyCount "46"]
[EventDate "2020.09.22"]
[WhiteTeam "Plymouth 2"]
[BlackTeam "Redbridge All Sorts 1"]

1. e4 c5 2. Nc3 Nc6 3. Bb5 d6 4. Bxc6+ bxc6 5. d4 cxd4 6. Qxd4 e5 7. Qd3 Nf6 8.
Bg5 Be7 9. O-O-O Qb6 10. Nf3 Be6 11. Bxf6 gxf6 12. Nd2 Rb8 13. Nb3 a5 14. a4
Bxb3 15. cxb3 Qxb3 16. Qc2 Qc4 17. Rhe1 Rb4 18. f4 exf4 19. e5 fxe5 20. Re4 Qb3
21. Rxb4 Qxc2+ 22. Kxc2 axb4 23. Ne4 d5 0-1

[Event "4NCL Online Division 6"]
[Site "online"]
[Date "2020.09.22"]
[Round "3.85"]
[White "Chapman, Chas"]
[Black "Sheard, Jack"]
[Result "0-1"]
[WhiteElo "1592"]
[BlackElo "1855"]
[PlyCount "94"]
[EventDate "2020.09.22"]
[WhiteTeam "War & Piece 2"]
[BlackTeam "Redbridge All Sorts 2"]

1. e4 c6 2. d4 d5 3. Nc3 dxe4 4. Nxe4 Bf5 5. Ng3 Bg6 6. Nf3 Nd7 7. Bd3 e6 8.
Bg5 Ngf6 9. O-O Bd6 10. Re1 Bxd3 11. Qxd3 h6 12. Bd2 O-O 13. Ne4 Nxe4 14. Rxe4
Nf6 15. Re2 Qc7 16. b3 Rfd8 17. c4 c5 18. d5 exd5 19. cxd5 Nxd5 20. Rae1 Nf6
21. Qc2 Re8 22. Bc3 Rxe2 23. Rxe2 Nd5 24. Bb2 Rd8 25. Rd2 Nf4 26. Qc3 Bf8 27.
g3 Rxd2 28. Qxd2 Ne6 29. Be5 Qd8 30. Qxd8 Nxd8 31. Kf1 Nc6 32. Bf4 g5 33. Be3
b6 34. Ke2 Bg7 35. Nd2 Kf8 36. a3 Ke7 37. Kd3 Ne5+ 38. Ke2 Ke6 39. Nf3 Nc6 40.
Kd3 Kd5 41. Nd2 f5 42. f4 g4 43. Nb1 Bb2 44. Nc3+ Bxc3 45. Kxc3 Nd4 46. b4
cxb4+ 47. axb4 Nf3 0-1

[Event "4NCL Online Division 6"]
[Site "online"]
[Date "2020.09.22"]
[Round "3.86"]
[White "Korossi, Nandi"]
[Black "Thomas, Jacob"]
[Result "1-0"]
[WhiteElo "1817"]
[BlackElo "1457"]
[PlyCount "73"]
[EventDate "2020.09.22"]
[WhiteTeam "Redbridge All Sorts 2"]
[BlackTeam "War & Piece 2"]

1. e4 c5 2. Nf3 d6 3. Bb5+ Bd7 4. Bxd7+ Qxd7 5. O-O Nc6 6. d4 cxd4 7. Nxd4 Nf6
8. Nc3 e5 9. Nf3 h6 10. a3 a6 11. Qd3 Be7 12. Be3 O-O 13. Rad1 Rad8 14. Bb6 Rb8
15. Nd5 Ne8 16. c4 Bd8 17. c5 f6 18. cxd6 Qxd6 19. h3 Nc7 20. Nxc7 Bxc7 21.
Qxd6 Bxd6 22. Rxd6 Rf7 23. Rfd1 Kh7 24. Rd7 Rxd7 25. Rxd7 Kg6 26. Nh4+ Kh7 27.
Nf5 Rg8 28. Rxb7 Nd8 29. Bxd8 Rxd8 30. Rxg7+ Kh8 31. Ra7 Rb8 32. Rxa6 Rxb2 33.
Ra8+ Kh7 34. a4 Kg6 35. Ra7 Rb4 36. Rg7+ Kh5 37. g4# 1-0

[Event "4NCL Online Division 6"]
[Site "online"]
[Date "2020.09.22"]
[Round "3.87"]
[White "O'Neill, Stephen G"]
[Black "Newton, Colin"]
[Result "1/2-1/2"]
[WhiteElo "1457"]
[BlackElo "1742"]
[PlyCount "129"]
[EventDate "2020.09.22"]
[WhiteTeam "War & Piece 2"]
[BlackTeam "Redbridge All Sorts 2"]

1. Nf3 d5 2. d3 Nf6 3. c4 dxc4 4. Qa4+ Bd7 5. Qxc4 Nc6 6. Bf4 e6 7. a3 Bd6 8.
Bg5 O-O 9. e4 e5 10. d4 Nxd4 11. Nxd4 exd4 12. Qxd4 Qe7 13. Bd3 Be5 14. Bxf6
Bxf6 15. Qb4 Qxb4+ 16. axb4 Bxb2 17. Ra2 Bd4 18. O-O Be6 19. Rc2 c6 20. Rfc1
Bb3 21. Re2 Rfd8 22. Bc4 Bxc4 23. Rxc4 Bb6 24. Nc3 a5 25. g3 axb4 26. Rxb4 Ba5
27. Rc4 g6 28. Rb2 Rd3 29. Ra2 Ra6 30. Na4 Rd1+ 31. Kg2 Bd8 32. Nc3 Rc1 33.
Rxa6 bxa6 34. Rxc6 Ba5 35. Nd5 Rxc6 36. Ne7+ Kf8 37. Nxc6 Bc3 38. Kf3 Ke8 39.
Ke3 a5 40. Kd3 Be1 41. f3 Kd7 42. Nd4 Bb4 43. Kc4 Bd6 44. Kb5 Bc7 45. Nb3 Kd6
46. Nxa5 Bxa5 47. Kxa5 Ke5 48. Kb5 Kd4 49. Kc6 Ke3 50. Kd6 Kxf3 51. e5 Ke4 52.
Ke7 Kxe5 53. Kxf7 Kf5 54. h3 g5 55. g4+ Kf4 56. Kf6 Kg3 57. Kxg5 Kxh3 58. Kh5
Kg3 59. g5 Kf4 60. Kh6 Kf5 61. Kh5 Kf4 62. Kh6 Kf5 63. Kh5 Kf4 64. g6 hxg6+ 65.
Kxg6 1/2-1/2